La tercera ola (Registro nro. 74746)

Detalles MARC
000 -LEADER
campo de control de longitud fija 01976agm a2200517 i 4500
001 - NÚMERO DE CONTROL
campo de control MOR01000075063
005 - FECHA Y HORA DE LA ÚLTIMA TRANSACCIÓN
campo de control 20260331135656.0
007 - CAMPO FIJO DE DESCRIPCIÓN FÍSICA--INFORMACIÓN GENERAL
campo de control de longitud fija vfocbahos
008 - DATOS DE LONGITUD FIJA--INFORMACIÓN GENERAL
campo de control de longitud fija 020503s1982 dfm045 g f v spa d
035 ## - NÚMERO DE CONTROL DEL SISTEMA
Número de control de sistema 030042
040 ## - FUENTE DE CATALOGACIÓN
Centro catalogador/agencia de origen mxcmmo
Lengua de catalogación spa
Normas de descripción rda
Centro/agencia transcriptor mxcmmo
041 0# - CÓDIGO DE IDIOMA
Código de lengua del texto/banda sonora o título independiente spa
082 04 - NÚMERO DE LA CLASIFICACIÓN DECIMAL DEWEY
Número de clasificación 303.4
Número de ítem TOF.t
100 1# - ENTRADA PRINCIPAL--NOMBRE DE PERSONA
Nombre de persona Toffler, Alvin
Término indicativo de función/relación autor
9 (RLIN) 131129
245 03 - MENCIÓN DEL TÍTULO
Título La tercera ola
264 #1 - PRODUCCIÓN, PUBLICACIÓN, DISTRIBUCIÓN, FABRICACIÓN Y COPYRIGHT
Producción, publicación, distribución, fabricación y copyright México :
Nombre del de productor, editor, distribuidor, fabricante Fundación TELMEX,
Fecha de producción, publicación, distribución, fabricación o copyright 1982.
264 #1 - PRODUCCIÓN, PUBLICACIÓN, DISTRIBUCIÓN, FABRICACIÓN Y COPYRIGHT
Producción, publicación, distribución, fabricación y copyright New York:
Nombre del de productor, editor, distribuidor, fabricante Triwave Productions,
Fecha de producción, publicación, distribución, fabricación o copyright 1982.
300 ## - DESCRIPCIÓN FÍSICA
Extensión 1 casete (90 min.):
Otras características físicas son., color;
Dimensiones 1/2 pulg.
336 ## - TIPO DE CONTENIDO
Término de tipo de contenido imagen móvil bidimensional
Código de tipo de contenido tdi
Fuente rdacontent
337 ## - TIPO DE MEDIO
Nombre/término del tipo de medio video
Código del tipo de medio v
Fuente rdamedia
338 ## - TIPO DE SOPORTE
Nombre/término del tipo de soporte videocasete
Código del tipo de soporte vf
Fuente rdacarrier
344 ## - CARACTERÍSTICAS DE SONIDO
Tipo de grabación digital
Medio de grabación video
Configuración de los canales de reproducción stereo
Fuente rda
345 ## - CARACTERÍSTICAS DE LA IMAGEN EN MOVIMIENTO
Formato de presentación videocassette
346 ## - CARACTERÍSTICAS DE VÍDEO
Formato de vídeo VHS
500 ## - NOTA GENERAL
Nota general Disponible en formato VHS
500 ## - NOTA GENERAL
Nota general Video basado en el libro "La Tercera Ola" de Alvin Toffler
508 ## - NOTA DE CRÉDITOS DE CREACIÓN O PRODUCCIÓN
Nota de créditos de creación o producción Créditos: guión y narración Alvin Toffler ; productores ejecutivos Jonathan Donald, Kenji Suzuki ; productor Wally Longul ; directores Wally Longul, Graig Moffit, Kenichi Mizuno, Tatsuo Uchibayashi ; supervisión del doblaje Silvie Manuel ; voz Marina Isolda, Carlos Carvallo
650 #7 - PUNTO DE ACCESO ADICIONAL DE MATERIA--TÉRMINO DE MATERIA
Término de materia o nombre geográfico como elemento de entrada Cambio social
9 (RLIN) 21033
650 #7 - PUNTO DE ACCESO ADICIONAL DE MATERIA--TÉRMINO DE MATERIA
Término de materia o nombre geográfico como elemento de entrada Civilización moderna
Subdivisión cronológica 1950-
9 (RLIN) 86245
650 #7 - PUNTO DE ACCESO ADICIONAL DE MATERIA--TÉRMINO DE MATERIA
Término de materia o nombre geográfico como elemento de entrada Historia social
9 (RLIN) 12576
700 1# - ENTRADA AGREGADA--NOMBRE PERSONAL
Nombre de persona Donald, Jonathan
9 (RLIN) 131130
700 1# - ENTRADA AGREGADA--NOMBRE PERSONAL
Nombre de persona Longul, Wally
9 (RLIN) 131131
700 1# - ENTRADA AGREGADA--NOMBRE PERSONAL
Nombre de persona Suzuki, Kenji
9 (RLIN) 131132
710 2# - ENTRADA AGREGADA--NOMBRE DE ENTIDAD CORPORATIVA
Nombre de entidad corporativa o nombre de jurisdicción como elemento de entrada Fundación TELMEX (México, D.F.)
9 (RLIN) 131133
900 ## - ELEMENTOS DE DATOS A LOCAL, LDA (RLIN)
Nombre de persona ALEPH14
Numeración 10
Títulos y otros términos asociados al nombre 20061103
Lenguaje de la obra MOR01
-- 1053
900 ## - ELEMENTOS DE DATOS A LOCAL, LDA (RLIN)
Nombre de persona BATCH-UPD
Numeración 00
Títulos y otros términos asociados al nombre 20120323
Lenguaje de la obra MOR01
-- 1749
900 ## - ELEMENTOS DE DATOS A LOCAL, LDA (RLIN)
Nombre de persona BATCH-UPD
Numeración 40
Títulos y otros términos asociados al nombre 20120321
Lenguaje de la obra MOR01
-- 1712
900 ## - ELEMENTOS DE DATOS A LOCAL, LDA (RLIN)
Nombre de persona BATCH
Numeración 00
Títulos y otros términos asociados al nombre 20120322
Lenguaje de la obra MOR01
-- 1735
900 ## - ELEMENTOS DE DATOS A LOCAL, LDA (RLIN)
Nombre de persona DYNIX
Numeración 00
Títulos y otros términos asociados al nombre 20030304
Lenguaje de la obra MOR01
-- 1723
900 ## - ELEMENTOS DE DATOS A LOCAL, LDA (RLIN)
Nombre de persona MAGDALENO
Numeración 01
Títulos y otros términos asociados al nombre 20030320
Lenguaje de la obra MOR01
-- 1414
900 ## - ELEMENTOS DE DATOS A LOCAL, LDA (RLIN)
Nombre de persona VOBO
Numeración 40
Títulos y otros términos asociados al nombre 20081028
Lenguaje de la obra MOR01
-- 1239
900 ## - ELEMENTOS DE DATOS A LOCAL, LDA (RLIN)
Nombre de persona VOBO
Numeración 40
Títulos y otros términos asociados al nombre 20100217
Lenguaje de la obra MOR01
-- 1308
904 ## - ELEMENTOS DE DATOS D LOCAL, LDD (RLIN)
a UPDATE
942 ## - ELEMENTOS DE ENTRADA SECUNDARIOS (KOHA)
Código de la institución [OBSOLETO] VM
901 ## - ELEMENTOS DE DATOS A LOCAL LDA (RLIN)
a batch batch
Existencias
Estatus retirado Estado de pérdida Fuente del sistema de clasificación o colocación Estado de daño No para préstamo Colección Biblioteca de origen Biblioteca actual Ubicación en estantería Fecha de adquisición Fuente de adquisición Número de inventario Total de préstamos Signatura topográfica completa Código de barras Visto por última vez Precio de reemplazo Tipo de ítem Koha
    Clasificación Decimal Dewey     Videograbaciones Biblioteca Nicolas Poussin Biblioteca Nicolas Poussin Préstamo Mínimo 03/09/2024   97374   (VV)/303.4 TOF.t 33291000690764 03/09/2024 03/09/2024 Videocasete